Country Observation / Memory Test - Statistics

General Stats
  • This quiz has been taken 789 times
  • The average score is 57 of 180
Answers on the Map
Answers color-coded by a green-red scale on the quiz's map according to % correct below.
 
Answer Stats
Answer % Correct
START
99%
Zambia
95%
Guyana
90%
Hungary
88%
Iran
87%
Guinea
84%
Afghanistan
67%
Israel
67%
Tuvalu
65%
Comoros
64%
Estonia
64%
Oman
64%
Kuwait
61%
Cyprus
59%
Cape Verde
58%
Solomon Islands
58%
Venezuela
58%
Finland
57%
Germany
57%
Ghana
57%
Kiribati
57%
Poland
57%
Somalia
57%
Tonga
57%
Eswatini
47%
Fiji
47%
Suriname
47%
Uruguay
47%
Dominican Republic
46%
Japan
46%
Samoa
46%
Slovakia
46%
Uzbekistan
46%
Algeria
45%
Bahamas
45%
DR Congo
45%
Ethiopia
45%
Haiti
45%
Mali
45%
Moldova
45%
Philippines
45%
South Sudan
45%
United Kingdom
45%
Belarus
44%
Bolivia
44%
France
44%
Indonesia
44%
Italy
44%
Laos
44%
Malawi
44%
Netherlands
44%
Sweden
44%
United States
44%
Azerbaijan
43%
Georgia
43%
Ireland
43%
Australia
42%
Croatia
38%
Taiwan
38%
Austria
37%
Cambodia
37%
Myanmar
37%
Palau
37%
Saudi Arabia
37%
South Korea
37%
Syria
37%
East Timor
32%
Greece
32%
Nigeria
32%
Benin
31%
Chile
31%
Libya
31%
Lithuania
31%
Madagascar
31%
Angola
30%
Burundi
30%
Central African Republic
30%
Ecuador
30%
Guatemala
30%
Mexico
30%
Rwanda
30%
Slovenia
30%
Turkey
30%
Chad
29%
Kazakhstan
29%
Lebanon
29%
Lesotho
29%
Romania
29%
South Africa
29%
Ivory Coast
28%
Liberia
28%
Mauritania
28%
Ukraine
28%
Bangladesh
27%
Bhutan
27%
Cameroon
27%
Czechia
27%
Jordan
27%
Maldives
27%
China
26%
Norway
26%
Tajikistan
26%
Vietnam
26%
Kyrgyzstan
25%
New Zealand
25%
Switzerland
25%
Vanuatu
25%
Botswana
24%
Equatorial Guinea
24%
Belgium
23%
Belize
23%
Nauru
23%
Seychelles
23%
Egypt
22%
Tunisia
22%
Uganda
22%
United Arab Emirates
21%
Eritrea
20%
Peru
20%
Spain
20%
Bulgaria
19%
Djibouti
19%
Mozambique
19%
Sudan
19%
Zimbabwe
19%
Argentina
18%
Gambia
17%
Kosovo
17%
Morocco
17%
Pakistan
17%
Thailand
17%
Bosnia and Herzegovina
16%
Canada
16%
Iceland
16%
Mauritius
16%
Micronesia
16%
Papua New Guinea
16%
Burkina Faso
15%
Honduras
15%
India
15%
Kenya
15%
Latvia
15%
Paraguay
15%
Republic of the Congo
15%
Russia
15%
Sierra Leone
15%
Malaysia
14%
Qatar
14%
Yemen
14%
Colombia
13%
Denmark
13%
Gabon
13%
Iraq
13%
Montenegro
13%
Namibia
13%
Nepal
13%
Senegal
13%
Tanzania
13%
Togo
13%
Albania
12%
El Salvador
12%
Marshall Islands
12%
Panama
12%
Niger
11%
Brazil
10%
Costa Rica
10%
Cuba
10%
Guinea-Bissau
10%
Jamaica
10%
Mongolia
10%
Nicaragua
10%
North Korea
10%
Portugal
10%
Serbia
10%
Turkmenistan
10%
Armenia
9%
Malta
9%
North Macedonia
9%
Sri Lanka
9%
Sao Tome and Principe
8%
No matching quizzes found
Score Distribution
Percent of People with Each Score
Percentile by Number Answered
Your Score History
You have not taken this quiz